00309pab a2200121 454500008004000000100002500040245006000065260000900125300001100134362000800145650001500153773001900168180718b1998 xxu||||| |||| 00| 0 eng d aFoster, John Bellamy aMalthus essay on population at age 2000: a Marxian view c1998 ap.1-18 aDec aPopulation aMonthly Review